000
00472nam a2200145Ia 4500
008
100122s9999 xx 000 0 und d
082
_b
16466
_a
823
100
_a
पारगावकर राजा
245
_a
नागपुरात अजगर
260
_b
भारतीय प्रकाशन मंदिर
_c
1968
300
_a
83
630
_a
नागपुरात अजगर
730
_a
नागपुरात अजगर
942
_c
BOOK
999
_c
406407
_d
406404